Pokémon - Attacken von Maskeregen in KA/PU - Statistiken

Allgemein
  • Dieses Quiz wurde 2 mal gespielt
  • Das Durchschnittsergebnis liegt bei 26 aus 67
Antwortstatistiken
Antwort % Korrekt
Aquaknarre
100%
Aquawelle
100%
Blizzard
100%
Delegator
100%
Eisstrahl
100%
Eissturm
100%
Käferbiss
100%
Käfergebrumm
100%
Luftschnitt
100%
Orkan
100%
Regentanz
100%
Schutzschild
100%
Sonnentag
100%
Spukball
100%
Windschnitt
100%
Windstoß
100%
Agilität
50%
Anfallen
50%
Blubbstrahl
50%
Blutsauger
50%
Bodycheck
50%
Energieball
50%
Gigasauger
50%
Hydropumpe
50%
Käfertrutz
50%
Kalte Dusche
50%
Kaskade
50%
Kehrtwende
50%
Lehmschelle
50%
Psystrahl
50%
Raub
50%
Ruckzuckhieb
50%
Solarstrahl
50%
Surfer
50%
Überflutung
50%
Weißnebel
50%
Aero-Ass
0%
Akrobatik
0%
Anspringen
0%
Aquadurchstoß
0%
Ausdauer
0%
Doppelflügel
0%
Dunkelnebel
0%
Erholung
0%
Falterreigen
0%
Fassade
0%
Gigastoß
0%
Grimasse
0%
Hyperstrahl
0%
Klebenetz
0%
Krabbelkracher
0%
Kraftteiler
0%
Lehmschuss
0%
Lockduft
0%
Meteorologe
0%
Psycho-Plus
0%
Rechte Hand
0%
Rückenwind
0%
Schlafrede
0%
Schmarotzer
0%
Stachelfinale
0%
Stachelspore
0%
Stafette
0%
Sternschauer
0%
Tera-Ausbruch
0%
Wasserdüse
0%
Wirbelwind
0%
Keine übereinstimmenden Quizze gefunden
Verteilung der Resultate
Anzahl Personen mit jedem Resultat
Perzentil nach korrekt beantworteten Fragen
Ihre Resultats-Entwicklung
Sie haben dieses Quiz noch nicht gespielt